| 000 | 01056nam a2200229Ia 4500 | ||
|---|---|---|---|
| 003 | OSt | ||
| 005 | 20200715121856.0 | ||
| 008 | 191128s2008 ck ado gr 000 0dspa d | ||
| 020 | _a9789586240772 | ||
| 040 |
_aCO-JMCR _cCO-JMCR |
||
| 041 | 0 | _aspa | |
| 082 | 0 | 4 |
_a330.9861 / _bD179b _223 |
| 110 | 1 |
_aDepertamento Administrativo Nacional de Estadística _97298 |
|
| 245 | 1 | 3 |
_aEn busca de una sociedad igualitaria : _bcien años de evolución social y económica 1908-2008 / _cDepertamento Administrativo Nacional de Estadística |
| 260 |
_a[Bogotá] : _bDANE, _c2008. |
||
| 300 |
_a262 páginas : _b Fotografías, gráficas, mapa ; _c25 cm. |
||
| 504 | _aBibliografía página [259]-262. | ||
| 505 | 0 | _aPensamiento, acción y proceso político -- Geografía, territorio e infraestructura -- Población -- La evolución de la economía -- Evolución del desarrollo social -- Ciencia, tecnología e información | |
| 650 | 1 | 4 |
_aDesarrollo social _y1908-2008 _zColombia _97299 |
| 650 | 2 | 4 |
_aPolítica económica _y1908-2008 _zColombia _97300 |
| 942 |
_2ddc _cBK |
||
| 999 |
_c3775 _d3775 |
||